Dynamics of heavy-ion collisions : (Record no. 144752)

MARC details
000 -LEADER
fixed length control field 01030nam a2200253 a 4500
008 - FIXED-LENGTH DATA ELEMENTS--GENERAL INFORMATION
fixed length control field
020 ## - INTERNATIONAL STANDARD BOOK NUMBER
International Standard Book Number 044486332X (cased)
049 ## - LOCAL HOLDINGS (OCLC)
Holding library MAIN
090 ## - LOCALLY ASSIGNED LC-TYPE CALL NUMBER (OCLC); LOCAL CALL NUMBER (RLIN)
Classification number (OCLC) (R) ; Classification number, CALL (RLIN) (NR) QC794.8.H4
Local cutter number (OCLC) ; Book number/undivided call number, CALL (RLIN) DYN
003 - CONTROL NUMBER IDENTIFIER
control field
005 - DATE AND TIME OF LATEST TRANSACTION
control field 20230123133221.0
040 ## - CATALOGING SOURCE
Transcribing agency NUST
111 2# - MAIN ENTRY--MEETING NAME
Meeting name or jurisdiction name as entry element Adriatic Europhysics Study Conference on the Dynamics of Heavy-ion Collisions
Number of part/section/meeting (3rd :
Location of meeting 1981 :
Date of meeting or treaty signing Hvar, Croatia)
245 10 - TITLE STATEMENT
Title Dynamics of heavy-ion collisions :
Remainder of title proceedings of the 3rd Adriatic Europhysics Study Conference on the Dynamics of Heavy-ion Collisions, Hvar, Croatia, Yugoslavia, May 25-30, 1981 /
Statement of responsibility, etc. edited by Nikola Cindro, Renato A. Ricci and Walter Greiner.
260 ## - PUBLICATION, DISTRIBUTION, ETC.
Place of publication, distribution, etc. Amsterdam :
Name of publisher, distributor, etc. North-Holland Pub. Co.,
Date of publication, distribution, etc. c1981.
300 ## - PHYSICAL DESCRIPTION
Extent xv, 382 p. :
Other physical details ill. ;
Dimensions 23 cm.
504 ## - BIBLIOGRAPHY, ETC. NOTE
Bibliography, etc. note Includes bibliographical references.
650 #0 - SUBJECT ADDED ENTRY--TOPICAL TERM
Topical term or geographic name entry element Heavy ions
Form subdivision Congresses.
700 1# - ADDED ENTRY--PERSONAL NAME
Personal name Cindro, Nikola.
700 1# - ADDED ENTRY--PERSONAL NAME
Personal name Ricci, R.A.
700 1# - ADDED ENTRY--PERSONAL NAME
Personal name Greiner, Walter.-
907 ## - LOCAL DATA ELEMENT G, LDG (RLIN)
a .b10048340
b 16-08-11
c 17-04-03
942 ## - ADDED ENTRY ELEMENTS (KOHA)
Koha item type Ordinary Loan Books
Call number prefix QC794.8.H4
Call number suffix DYN
Holdings
Date last seen Total Checkouts Full call number Barcode Cost, replacement price Price effective from Koha item type Lost status Source of classification or shelving scheme Damaged status Not for loan Collection Withdrawn status Home library Current library Shelving location Date acquired Cost, normal purchase price
01/23/2023   QC794.8.H4 ADR 92003018152 80.00 01/23/2023 BOOKS   LCC     NFIC   MAIN MAIN GEN 01/23/2023 80.00